000 00399nam a2200145Ia 4500
008 210716s1986 xx 000 0 und d
041 _aeng
082 _a004.66 VLAJ
100 _aVlach, Jiri;Singhal, Kishore.
245 _aComputer methods for circuit analysis and design.
250 _a1
260 _aNew Delhi
_bCBS Publishers and Distributors
_c1986
300 _axxix,594
650 _aNone
999 _c180999
_d180999